000 00493nam a2200181Ia 4500
999 _c14195
_d14195
003 OSt
005 20201023124237.0
008 190216s9999||||xx |||||||||||||| ||und||
020 _a8125006311
040 _coclc
082 _a934
_bSHA/L
100 _aSharma, R S
_96089
245 0 _aLooking For The Aryans /
_cR S Sharma
260 _bOrient Longman,
_c1995.
_aHyderabad:
300 _a106p
650 _aEnglish Poetry
942 _cBK
_2ddc
_h934
_iSHA/L
_k934
_mSHA/L